000 00720nam a22002177a 4500
999 _c16797
_d16797
003 AR-CdUCM
008 190506b ||||| |||| 00| 0 spa d
040 _aMUNICIPALIDAD PROVINCIAL DEL CUSCO
_cBIBLIOTECA MUNICIPAL DEL CUSCO
082 _22ed.
_a985.0191 /
_bA92
245 _aDioses y hombres de Huarochiri /
260 _aMéxico :
_bSiglo veintiuno,
_c1975.
300 _a175 paginas ;
_bIlustraciones,
_c19 cm.
505 _aContenido : Historia y Narrativa
650 _aMitología
_95359
650 _a Perú
_927019
650 _aÉpoca Prehispánica
_92714
650 _aHuarochirí, Lma.
_936465
700 _aArguedas, Jose Maria (Traducción)
_936466
942 _2ddc
_cLIBROS
945 _awnts
_d2019-05-6